Praelectiones dogmaticae

সংরক্ষণ করুন:
গ্রন্থ-পঞ্জীর বিবরন
প্রধান লেখক: Pesch, Christiano (Author)
বিন্যাস: গ্রন্থ
ভাষা:লাতিন
প্রকাশিত: Friburgo de Brisgovia Herder 1925
সংস্করন:5a. ed
বিষয়গুলি:
ট্যাগগুলো: ট্যাগ যুক্ত করুন
কোনো ট্যাগ নেই, প্রথমজন হিসাবে ট্যাগ করুন!

MARC

LEADER 00000cam a2200000 a 4500
001 UCD2443
003 CL-VaPUC
008 160428e19250000gw |||||||||||||||||lat|d
082 0 4 |a 262.9  |b PES  |2 21 
100 0 |a Pesch, Christiano  |e author  |9 585793 
245 1 0 |a Praelectiones dogmaticae 
250 |a 5a. ed 
300 |a t 
942 |c BK 
945 |d 20160428 21:50:00  |a dcastane 
260 |a Friburgo de Brisgovia  |b Herder  |c 1925 
500 |a t.2: de Deo uno secundum naturam. De Deo trino secundum personas 
650 0 |a Teología dogmática   |9 313198 
650 7 |a DIOS UNITRINO  |2 CL-VaPUC  |9 580885 
583 |a last modification  |c 20160428 21:50:00  |k Rodrigo Vera 
999 |c 363605  |d 363603 
952 |0 0  |1 0  |3 erd  |4 0  |6 262_900000000000000_PES_1925  |7 0  |8 X  |9 476140  |a BIBTEO  |b BIBTEO  |c TEO_FFR  |h t.2  |i 5227879  |o 262.9 PES 1925  |p 5227879  |r 2024-01-18  |w 2019-11-24  |y BK_X  |z Catalogado en:20160428  |k OFM